Look at the birdie / (Record no. 8755)
[ view plain ]
| 000 -LEADER | |
|---|---|
| fixed length control field | 01191nam a22002177a 4500 |
| 001 - CONTROL NUMBER | |
| control field | 8755 |
| 003 - CONTROL NUMBER IDENTIFIER | |
| control field | FISKH |
| 005 - DATE AND TIME OF LATEST TRANSACTION | |
| control field | 20251017093739.0 |
| 008 - FIXED-LENGTH DATA ELEMENTS--GENERAL INFORMATION | |
| fixed length control field | 251017b cb ||||| |||| 00| 0 eng d |
| 020 ## - INTERNATIONAL STANDARD BOOK NUMBER | |
| International Standard Book Number | 9780099548850 |
| 040 ## - CATALOGING SOURCE | |
| Original cataloging agency | FISKH |
| Language of cataloging | GER |
| Transcribing agency | FISKH |
| Modifying agency | FISKH |
| 082 ## - DEWEY DECIMAL CLASSIFICATION NUMBER | |
| Classification number | 813.54 |
| 100 ## - MAIN ENTRY--PERSONAL NAME | |
| Personal name | Vonnegut, Kurt |
| 245 ## - TITLE STATEMENT | |
| Title | Look at the birdie / |
| Statement of responsibility, etc. | Kurt Vonnegut |
| 260 ## - PUBLICATION, DISTRIBUTION, ETC. | |
| Place of publication, distribution, etc. | London : |
| Name of publisher, distributor, etc. | Vintage Books, |
| Date of publication, distribution, etc. | 2009. |
| 300 ## - PHYSICAL DESCRIPTION | |
| Extent | 251 pages : |
| Other physical details | color illustrations ; |
| Dimensions | 21 cm |
| 520 ## - SUMMARY, ETC. | |
| Summary, etc. | Look at the Birdie is a posthumously published collection of fourteen previously unpublished short stories written by Kurt Vonnegut early in his career. The stories reflect Vonnegut’s sharp wit, dark humor, and moral imagination, often focusing on the absurdities of human behavior, the dangers of technology, and the search for meaning in a chaotic world.<br/><br/>Each story captures Vonnegut’s signature blend of satire and compassion, revealing glimpses of the themes and style that would later define his famous novels like Slaughterhouse-Five and Cat’s Cradle.<br/><br/>Stories include: |
| 650 ## - SUBJECT ADDED ENTRY--TOPICAL TERM | |
| Topical term or geographic name entry element | American fiction |
| Form subdivision | Short stories |
| General subdivision | Satire |
| Chronological subdivision | Posthumous works |
| 942 ## - ADDED ENTRY ELEMENTS (KOHA) | |
| Source of classification or shelving scheme | Dewey Decimal Classification |
| Koha item type | Books |
| Suppress in OPAC | No |
| Withdrawn status | Lost status | Source of classification or shelving scheme | Damaged status | Not for loan | Collection | Home library | Current library | Shelving location | Date acquired | Total Checkouts | Full call number | Barcode | Date last seen | Copy number | Price effective from | Koha item type |
|---|---|---|---|---|---|---|---|---|---|---|---|---|---|---|---|---|
| Dewey Decimal Classification | Fiction | Footprints International School Library Network Toul Kork Campus | Footprints International School Library Network Toul Kork Campus | A TK Campus, 4th Floor, Room B401, Fiction Bookcases (1-6) | 10/17/2025 | KUR 813.54 | 2025-4652 | 10/17/2025 | 1 | 10/17/2025 | Books |
